00830nam a2200205 a 450000100100000000500170001000800410002704000250006808200170009310000430011024500550015326000300020830000110023859000750024965000280032465000310035291000370038395201870042099900170060700003488420200930073949.0111021s1965 pr 000 f spa d aDO-SdBNPbspacBNPHU a863.6bB748t1 aBotella Pastor, Virgiliod1906-96044310aTal vez mañana :b(novela) /cV. Botella Pastor. aParís :b[s.n.],c1965. a21 cm. aPerteneció a la biblioteca personal de Juan Isidro Jimenes Grullón 4aNovela española91123 4aLiteratura española9632 aValidado. Control de calidad MFF 001050718MOaGRbGRcCTd2011-10-21iLF1l0o863.6 B748tp34884-10r2020-06-25w2020-06-25y1zPerteneció a la biblioteca personal de Juan Isidro Jimenes GrullónZNo se presta c34375d34375